000 01037 a2200289 4500
005 20180228095520.0
008 180228s2017 sp ||||| |||| 00| 0 spa d
020 _a9788491710578
040 _aCO-BoUCM
_bspa
_cSaul Niño
_dSaul Niño
041 0 _aspa
100 1 0 _aJuan Avilés Farré
_991618
245 1 0 _aHistoria del terrorismo yihadista
_bde Al Qaeda al Daesh
260 _bMadrid (España)
_bSíntesis
_a2017
300 _a248 páginas
490 0 _aTemas de historia contemporánea
_v2
610 1 _aAl-Qaeda
_xHistoria
_990916
610 _aDaesh
_xHistoria
_991619
650 7 _aTerrorismo
_xAspectos religiosos
_928987
650 7 _912145
_aCrímenes de guerra
650 7 _916560
_aGrupos subversivos
_xHistoria
650 7 _916217
_aFundamentalismo islámico
_xHistoria
650 7 _916636
_aGuerra y religión
_xHistoria
650 7 _921073
_aParamilitarismo
650 7 _912415
_aCulturas dominantes
_yEstados Unidos
942 _cLIBRO
_2DEWEY
_a5
_e1
_h303.625
_mA958h
999 _c309238
_d309238